Harry Potter Characters - Statistics

General Stats
  • This quiz has been taken 78 times
  • The average score is 48 of 57
Answer Stats
Hint Answer % Correct
#1s rival Draco Malfoy
100%
The Boy Who Lived Harry Potter
100%
#1s father James Potter
100%
#1s mother Lily Potter
100%
Above's father Lucius Malfoy
100%
Above's best male friend Ron Weasley
100%
#1s godfather Sirius Black
100%
#1's best female friend Hermione Granger
98%
Headmaster of Hogwarts Albus Dumbledore
97%
#2's younger sister Ginny Weasley
97%
6th Defence Against The Dark Arts Teacher (He is #1s least favourite teacher) Severus Snape
97%
Number #2s father Arthur Weasley
94%
Brother Of #2 Fred Weasley
94%
Blond haired girl who can see Thestrals and is introduced in the fifth film Luna Lovegood
94%
3rd Defence Against The Dark Arts Teacher Remus Lupin
94%
Main Villain And Birthname is Tom Riddle Lord Voldemort
92%
Number #2s mother Molly Weasley
92%
Friend of #1 who struggles to master Expelliarmus Neville Longbottom
92%
Brother Of #2 George Weasley
91%
The man who betrays #1s parents to Tom Riddle Peter Pettigrew
91%
Brother of #2 Bill Weasley
89%
2nd Defence Against The Darks Arts Teacher Gilderoy Lockhart
89%
#1s rival's mother Narcissa Malfoy
89%
Brother of #2 Percy Weasley
88%
Brother of #2 Charlie Weasley
86%
Cousin of #1 Dudley Dursley
86%
Aunt of #1 Petunia Dursley
86%
Gamekeeper At Hogwarts Rubeus Hagrid
86%
Uncle of #1 Vernon Dursley
86%
Death Eater who is played by Helena Bonham Carter Bellatrix Lestrange
85%
The Head Of Gryffindor House And Teacher Of Transfiguration Minerva McGonagall
85%
The father of the blond haired girl and who publishes The Quibbler Xenophilius Lovegood
85%
Friend of Above who goes out with #2's younger sister Dean Thomas
83%
Friend of #1s rival Vincent Crabbe
83%
The 1st Hogwarts Champion Who Is Murdered By Tom Riddle Cedric Diggory
82%
Friend of #1s rival Gregory Goyle
82%
Brother of The Headmaster of Hogwarts Aberforth Dumbledore
80%
The spider that Hagrid protected from Hogwarts Aragog
80%
Sister Of The Headmaster of Hogwarts Ariana Dumbledore
80%
The Hippogriff that is introduced in Prisoner Of Azkaban Buckbeak
80%
Pet of Above Fang
80%
Death Eater who was responsible for #1 winning the Triwizard Tournament and ensuring #23 is brought back to life. Barty Crouch Jr
79%
The cousin of #1s godfather and who marries the third Defence Against The Dark Arts Teacher Nymphadora Tonks
79%
Eventually Marries One Of #2s brothers and is the Champion for Beauxbatons in Goblet Of Fire Fleur Delacour
77%
Loves blowing things up Seamus Finnigan
77%
The teacher who is reinstated as Potions Master in Half Blood Prince Horace Slughorn
76%
5th Defence Against The Dark Arts Teacher Dolores Umbridge
74%
4th Defence Against The Dark Arts Teacher Mad Eye Moody
74%
The Map #1 uses to find out about secret passages at Hogwarts Marauders Map
74%
2nd Aunt of #1 Marge Dursley
74%
1st Defence Against The Darks Arts Teacher Quirinus Quirrell
70%
The Durmstrang Champion and Bulgarian Seeker Victor Krum
68%
Famous Historian Who Appears In Deathly Hallows Part 1 Bathilda Bagshot
62%
The Wizard Who The Headmaster Of Hogwarts Famously Defeats Gellert Grindelwald
61%
The Monster That Lives In The Chamber Of Secrets The Basilisk
56%
Love Interest For Gamekeeper Of Hogwarts Madame Maxime
45%
The Name Of The Dragon That #1 has to face in Goblet Of Fire The Hungarian Horntail
38%
No matching quizzes found
Score Distribution
Percent of People with Each Score
Percentile by Number Answered
Your Score History
You have not taken this quiz